000 00436nam a2200181Ia 4500
008 230524s9999 xx 000 0 und d
020 _a9788131506530
082 _a381.142
_bWIR
100 _aMark Ciampa
245 0 _aWireless Communications
250 _aIST
260 _aNEW DELHI
_bCengage
_c2008
300 _aVIII;293
500 _aQuantity Number: 12
650 _aElectronics
700 _a Jorge Olenewa
942 _cBK
999 _c42103
_d42103